| 000 | 01562cam a22003855i 4500 | ||
|---|---|---|---|
| 999 |
_c3945 _d3945 |
||
| 003 | EG-ScBUE | ||
| 005 | 20201125063754.0 | ||
| 006 | i||z f |||| 00| u | ||
| 008 | 130122s2002 at a f 000 0 eng d | ||
| 020 | _a0195516311 | ||
| 020 | _a9780195516319 | ||
| 020 | _a9780194575324 (cassette set) | ||
| 020 | _a0194575322 (cassette set) | ||
| 040 |
_aEG-ScBUE _beng _erda _cEG-ScBUE _dEG-ScBUE |
||
| 082 | 0 | 4 |
_a428.24076 _bSAH _222 |
| 100 | 1 |
_aSahanaya, Wendy, _d1940- _eauthor. _914311 |
|
| 245 | 1 | 0 |
_aIELTS preparation and practice : _bpractice tests with annotated answer key / _cWendy Sahanaya and Terri Hughes. |
| 264 | 1 |
_aMelbourne, Australia : _bOxford University Press, _c2002. |
|
| 300 |
_avi, 145 pages : _billustrations ; _c28 cm + _e1 cassette |
||
| 336 |
_atext _btxt _2rdacontent |
||
| 336 |
_aspoken word _bspw _2rdacontent |
||
| 337 |
_aunmediated _bn _2rdamedia |
||
| 337 |
_aaudio _bs _2rdamedia |
||
| 338 |
_avolume _bnc _2rdacarrier |
||
| 338 |
_aaudiocassette _bss _2rdacarrier |
||
| 650 | 7 |
_aInternational English Language Testing System _vStudy guides. _2BUEsh _936012 |
|
| 650 | 7 |
_aEnglish language _vExaminations, questions, etc. _2BUEsh |
|
| 650 | 7 |
_aEnglish language _vTextbooks for foreign speakers. _2BUEsh |
|
| 650 | 7 |
_aEnglish language _vSound recordings for foreign speakers _2BUEsh _936029 |
|
| 650 | 7 |
_aEnglish language _vStudy and teaching as a second language. _2BUEsh |
|
| 653 |
_bHHUUEENN _cAugust2015 _cJune2016 _cNovember2018 |
||
| 655 |
_vReading book _934232 |
||
| 700 | 1 |
_aHughes, Terri, _eauthor. _914313 |
|
| 942 |
_2ddc _cBB |
||